000 00367 a2200157 4500
001 190672
020 _a978-852628016-8
040 _cMagnum
100 _aAndrade, Telma Guimarães Castro
240 1 0 _aO cão dos baskerville
_lpor
245 1 0 _aO cão dos baskerville
300 _a99
362 0 _a2003
697 _aLITERATURA GERAL ESTRANGEIRA
942 _cBK
999 _c190672
_d190672